|
|
|
|
| LEADER |
00000nab a2200000 a 4500 |
| 001 |
vtls010722576 |
| 003 |
SK-MaSNL |
| 005 |
20260304190004.0 |
| 008 |
250709s2002 xo |||||||||||||||||slo| |
| 035 |
|
|
|a (urnnbn)urn:nbn:sk:snk:ar-a04t37
|
| 035 |
|
|
|a (uuid)554343f4-9742-4562-b47b-8a631bb32094
|
| 035 |
|
|
|a urn:nbn:sk:snk-ab3n5o
|
| 040 |
|
|
|a SNKBUCL
|b slo
|c SNKBUCL
|e AACR2
|
| 041 |
0 |
|
|a slo
|
| 044 |
|
|
|a xo
|c SK
|
| 100 |
1 |
|
|a Skalická, M.
|4 aut
|9 772285
|
| 245 |
1 |
0 |
|a Význam selénu pre organizmus zvierat
|c M. Skalická, B. Koréneková, J. Skalický
|
| 700 |
1 |
|
|a Koréneková, Beáta,
|d 1962-
|4 aut
|9 216325
|
| 700 |
1 |
|
|a Skalický, J.
|4 aut
|9 772398
|
| 773 |
0 |
|
|t Infovet : veterinársky odborno-informačný časopis
|g Roč. 9, č. 3 (2002), s. 40
|
| 850 |
|
|
|a Slovenská národná knižnica
|
| 852 |
|
|
|a Slovenská národná knižnica
|
| 954 |
|
|
|a odborná, vedecká literatúra pôvodná (slovenská)
|2 lita
|
| 958 |
|
|
|a article1
|
| 958 |
|
|
|a OND
|
| 958 |
|
|
|a EUIPO
|
| 999 |
|
|
|c 3047590
|d 3049520
|